[Event "15th Africa-ch"]
[Site "Hammamet TUN"]
[Date "2019.07.12"]
[Round "4.9"]
[White "Munenga, Douglas"]
[Black "Klaasen, Calvin"]
[Result "1-0"]
[WhiteElo "2329"]
[BlackElo "2285"]
[EventDate "2019.07.09"]
[PlyCount "115"]

1.e4 c5 2.Nf3 Nc6 3.c4 g6 4.d4 cxd4 5.Nxd4 Bg7 6.Be3 Nf6 7.Nc3 O-O 8.Be2 
d6 9.O-O Bd7 10.Re1 Nxd4 11.Bxd4 Bc6 12.Bd3 a5 13.Qd2 Nd7 14.Bxg7 Kxg7 15.
Re3 Nf6 16.Rh3 h5 17.Re3 a4 18.h3 Qa5 19.f4 e5 20.f5 Qc5 21.Rf1 h4 22.Kh2 
Rh8 23.Ref3 Raf8 24.R3f2 Qd4 25.Ne2 Qc5 26.Nc3 Qd4 27.Bc2 Qc5 28.b3 Rh5 
29.b4 Qxc4 30.fxg6 fxg6 31.b5 Bxb5 32.Qxd6 Qxf1 33.Rxf1 Bxf1 34.Bd1 Rg5 
35.Bf3 Rf7 36.Nxa4 Bc4 37.a3 Nd7 38.Nc3 Nf6 39.Nd1 Rd7 40.Qb4 Ba6 41.Ne3 
Rf7 42.a4 Nd7 43.Qd2 Rg3 44.Ng4 Rxg4 45.hxg4 Nb8 46.Qg5 Nc6 47.Qxh4 Kg8 
48.Kg3 Rh7 49.Qf6 Rg7 50.g5 Kh7 51.Bg4 Bc4 52.Bc8 Ba6 53.Be6 Nd4 54.Bd5 
Ne2+ 55.Kf3 Nc3 56.Be6 Bd3 57.Qxe5 Nxa4 58.Qh2# 1-0

[Event "15th Africa-ch"]
[Site "Hammamet TUN"]
[Date "2019.07.12"]
[Round "4.10"]
[White "Bouzidi, Ahmed"]
[Black "Oussedik, Mahfoud"]
[Result "0-1"]
[WhiteElo "2191"]
[BlackElo "2440"]
[EventDate "2019.07.09"]
[PlyCount "100"]

1.e4 e5 2.Nf3 Nc6 3.Bb5 a6 4.Bxc6 dxc6 5.O-O f6 6.d4 exd4 7.Nxd4 c5 8.Ne2 
Qxd1 9.Rxd1 Bd7 10.Nbc3 O-O-O 11.Be3 b6 12.Rd2 Be6 13.Nf4 Bf7 14.Nfd5 Ne7 
15.Rad1 Nxd5 16.Nxd5 Kb7 17.f3 Bd6 18.Kf2 Be5 19.b3 c6 20.Nf4 Rxd2+ 21.
Rxd2 Kc8 22.h4 c4 23.g4 a5 24.Ne2 Kc7 25.f4 Bb2 26.Bd4 Bxd4+ 27.Nxd4 a4 
28.bxc4 Bxc4 29.a3 b5 30.c3 c5 31.Nf5 Bb3 32.g5 fxg5 33.hxg5 g6 34.Ne3 h6 
35.Nd5+ Kb7 36.gxh6 Rxh6 37.Kg2 Rh7 38.Nf6 Rf7 39.e5 b4 40.cxb4 cxb4 41.
axb4 a3 42.Nd7 Kc6 43.Rd6+ Kb5 44.Rb6+ Kc4 45.e6 Re7 46.Ne5+ Kc3 47.Ra6 a2
48.b5 Rxe6 49.Nc6 Kb2 50.Kf2 Bd5 0-1

[Event "15th Africa-ch"]
[Site "Hammamet TUN"]
[Date "2019.07.12"]
[Round "4.11"]
[White "Douissa, Oussama"]
[Black "Hesham, Abdelrahman"]
[Result "1-0"]
[WhiteElo "2248"]
[BlackElo "2417"]
[EventDate "2019.07.09"]
[PlyCount "149"]

1.e4 e5 2.Nf3 Nc6 3.Bb5 a6 4.Ba4 Nf6 5.O-O Be7 6.Re1 b5 7.Bb3 d6 8.c3 O-O 
9.h3 Na5 10.Bc2 c5 11.d4 Nd7 12.dxc5 dxc5 13.Nbd2 Bb7 14.Qe2 Qc7 15.Nf1 
Nc4 16.Ne3 Nxe3 17.Bxe3 c4 18.Nd2 Bc5 19.Nf1 Bxe3 20.Nxe3 Nc5 21.f3 Ne6 
22.Nd5 Qc5+ 23.Qf2 Rfd8 24.Rad1 Kf8 25.Nb6 Qxf2+ 26.Kxf2 Ke7 27.Nxa8 Rxa8 
28.a4 bxa4 29.Bxa4 Nc5 30.Bc2 a5 31.Ra1 Bc6 32.Red1 h5 33.h4 a4 34.Ke3 Rb8
35.Ra2 Rh8 36.Rd2 Rc8 37.Bd1 Bd7 38.Rd5 f6 39.Be2 Be6 40.Rxc5 Rxc5 41.Rxa4
Rc7 42.f4 exf4+ 43.Kxf4 g6 44.e5 fxe5+ 45.Kxe5 Rc5+ 46.Kd4 Rd5+ 47.Ke3 
Re5+ 48.Kf2 Rf5+ 49.Bf3 Rb5 50.Rb4 Re5 51.Rb6 Kf7 52.Kg3 Kf6 53.Kf4 Rf5+ 
54.Ke3 Re5+ 55.Be4 g5 56.g3 Ra5 57.Kd4 gxh4 58.gxh4 Ra1 59.Bf3 Rf1 60.Ke3 
Re1+ 61.Be2 Ke7 62.Kf2 Rh1 63.Bf3 Rb1 64.Kg3 Bf7 65.Rb5 Rg1+ 66.Kf2 Rb1 
67.Bxh5 Bxh5 68.Rxh5 Kd6 69.Ke3 Rd1 70.Rg5 Rd3+ 71.Kf4 Kc6 72.Rg2 Kd5 73.
h5 Rh3 74.Kg5 Ke4 75.Rg4+ 1-0

[Event "15th Africa-ch"]
[Site "Hammamet TUN"]
[Date "2019.07.12"]
[Round "4.12"]
[White "Makoto, Rodwell"]
[Black "Oragwu, Chukwunonso"]
[Result "0-1"]
[WhiteElo "2381"]
[BlackElo "2191"]
[EventDate "2019.07.09"]
[PlyCount "63"]

1.c4 g6 2.Nc3 Bg7 3.g3 e5 4.Bg2 Ne7 5.e3 Nbc6 6.Nge2 O-O 7.O-O d6 8.d3 a6 
9.Rb1 h5 10.b4 Nf5 11.a4 a5 12.b5 Nce7 13.e4 Nh6 14.d4 Be6 15.Nd5 c6 16.
bxc6 bxc6 17.Ne3 Ng4 18.d5 Nxe3 19.Bxe3 cxd5 20.cxd5 Bc8 21.Nc3 f5 22.Bb6 
Qd7 23.Bh3 Ra6 24.Qe2 Qe8 25.Rfc1 Ra8 26.Nb5 Ba6 27.Bxa5 Bh6 28.Bd2 Bxb5 
29.Rxb5 Bxd2 30.Qxd2 Rxa4 31.Rb7 f4 32.Bd7 0-1

[Event "15th Africa-ch"]
[Site "Hammamet TUN"]
[Date "2019.07.12"]
[Round "4.13"]
[White "Barbaria, Yacine"]
[Black "El-Arbi, Abobker"]
[Result "1/2-1/2"]
[WhiteElo "2210"]
[BlackElo "2312"]
[EventDate "2019.07.09"]
[PlyCount "60"]

1.e4 e5 2.Nf3 Nc6 3.Bc4 Nf6 4.d3 Be7 5.Nbd2 O-O 6.c3 d6 7.Bb3 Na5 8.Bc2 c5
9.O-O Nc6 10.Re1 Re8 11.Nf1 h6 12.Ng3 Bf8 13.h3 a6 14.d4 Qc7 15.d5 Ne7 16.
a4 b6 17.Be3 Ng6 18.Nd2 Bd7 19.Nf5 Nf4 20.Qf3 g6 21.Ng3 g5 22.Bxf4 exf4 
23.e5 dxe5 24.Nf5 Bxf5 25.Bxf5 Rad8 26.c4 Bg7 27.Ne4 Nxe4 28.Bxe4 Qd7 29.
Qg4 Qxg4 30.hxg4 a5 1/2-1/2

[Event "15th Africa-ch"]
[Site "Hammamet TUN"]
[Date "2019.07.12"]
[Round "4.14"]
[White "Adu, Oladapo"]
[Black "Silva, David"]
[Result "0-1"]
[WhiteElo "2302"]
[BlackElo "2246"]
[EventDate "2019.07.09"]
[PlyCount "39"]

1.c4 Nf6 2.g3 g6 3.Bg2 Bg7 4.Nc3 O-O 5.e4 d6 6.Nge2 c5 7.O-O Nc6 8.d3 Bd7 
9.h3 a6 10.Be3 Ne8 11.d4 cxd4 12.Nxd4 Rc8 13.Nxc6 Bxc6 14.Qb3 Nf6 15.Rfd1 
Nd7 16.Nd5 Re8 17.Bg5 f6 18.Be3 Nc5 19.Qb4 Nd7 20.Rac1 0-1

[Event "15th Africa-ch"]
[Site "Hammamet TUN"]
[Date "2019.07.12"]
[Round "4.15"]
[White "Balogun, Oluwafemi"]
[Black "Jmila, Omar"]
[Result "1-0"]
[WhiteElo "2279"]
[BlackElo "2119"]
[EventDate "2019.07.09"]
[PlyCount "138"]

1.e4 e5 2.Nf3 Nc6 3.Bb5 a6 4.Ba4 Nf6 5.O-O Be7 6.Re1 b5 7.Bb3 O-O 8.h3 Bb7
9.c3 d5 10.exd5 Nxd5 11.d3 Bf6 12.Nbd2 Nf4 13.Ne4 Nxd3 14.Nxf6+ gxf6 15.
Bh6 Nxe1 16.Qxe1 Qd3 17.Rd1 Qg6 18.Qe3 Nd4 19.Nh4 Nf3+ 20.Qxf3 Bxf3 21.
Nxg6 hxg6 22.gxf3 Rfd8 23.Rxd8+ Rxd8 24.Be3 Kg7 25.a4 f5 26.axb5 axb5 27.
Kf1 f4 28.Bc5 Rh8 29.Kg2 Rd8 30.Kf1 Rh8 31.Bd5 Rxh3 32.Kg2 Rh8 33.Bc6 Rd8 
34.Bxb5 Rb8 35.c4 f5 36.b4 g5 37.Bd7 Kf6 38.b5 Rd8 39.Bc6 g4 40.Bd5 Re8 
41.Bb4 e4 42.fxe4 fxe4 43.Bc6 Re6 44.Bd7 Rb6 45.Bxg4 Rb8 46.Bc3+ Ke7 47.
Bf5 e3 48.fxe3 fxe3 49.Kf3 Kd6 50.Be4 Kc5 51.Bd3 Re8 52.Ke2 c6 53.bxc6 Rc8
54.Kxe3 Rxc6 55.Kd2 Rc8 56.Kc2 Rb8 57.Bf6 Ra8 58.Kb3 Ra6 59.Bg7 Ra8 60.Bb2
Ra6 61.Kc3 Ra2 62.Bc1 Ra4 63.Be3+ Kd6 64.Kd4 Ra1 65.Be2 Kc6 66.Bf3+ Kc7 
67.Kd5 Ra3 68.Bf4+ Kb7 69.Ke4 Ra1 1-0

[Event "15th Africa-ch"]
[Site "Hammamet TUN"]
[Date "2019.07.12"]
[Round "4.17"]
[White "Kibrom, Weldegebriel Beraki"]
[Black "Abdulraheem, Abdulrahman Akintoye"]
[Result "1-0"]
[WhiteElo "1781"]
[BlackElo "2277"]
[EventDate "2019.07.09"]
[PlyCount "115"]

1.d4 Nf6 2.c4 e6 3.Nf3 d5 4.Nc3 Be7 5.Bf4 O-O 6.a3 c5 7.dxc5 Bxc5 8.e3 Nc6
9.Qc2 Qa5 10.O-O-O dxc4 11.Bxc4 e5 12.Bg5 Be6 13.Bxe6 fxe6 14.Bxf6 gxf6 
15.Rd7 Be7 16.Qb3 Kh8 17.Rhd1 Rac8 18.Kb1 b5 19.Qxb5 Qxb5 20.Nxb5 Rfd8 21.
Rxd8+ Rxd8 22.Rxd8+ Bxd8 23.Nd2 f5 24.Kc2 Kg7 25.Kd3 e4+ 26.Kc3 Bf6+ 27.
Nd4 Ne5 28.f3 exf3 29.gxf3 Nc6 30.b4 f4 31.Kd3 Ne5+ 32.Ke4 fxe3 33.Kxe3 
Kf7 34.h3 Ng6 35.Ne4 Bd8 36.Nd6+ Kf6 37.Ke4 Bb6 38.Nc4 Bc7 39.Nc6 a6 40.
Ne3 Nf4 41.h4 h5 42.a4 Ng6 43.Ng2 Kf7 44.f4 Kf6 45.Ne5 Bxe5 46.fxe5+ Ke7 
47.Nf4 Nxh4 48.Nxh5 Nf5 49.Nf4 Ng7 50.Kd4 Ne8 51.Kc5 Nc7 52.Kc6 Kd8 53.Kd6
Ne8+ 54.Kxe6 Kc7 55.Kf7 Kd7 56.Nd5 Kc6 57.Kxe8 Kxd5 58.Kd7 1-0

[Event "15th Africa-ch"]
[Site "Hammamet TUN"]
[Date "2019.07.13"]
[Round "5.1"]
[White "Amin, Bassem"]
[Black "Adly, Ahmed"]
[Result "1-0"]
[WhiteElo "2707"]
[BlackElo "2618"]
[EventDate "2019.07.09"]
[PlyCount "144"]

1.e4 c5 2.Nf3 d6 3.Bb5+ Bd7 4.Bxd7+ Qxd7 5.O-O Nc6 6.c3 d5 7.exd5 Qxd5 8.
d4 e6 9.Qa4 Nf6 10.Rd1 O-O-O 11.Bf4 cxd4 12.cxd4 Bd6 13.Nc3 Qa5 14.Qxa5 
Nxa5 15.Be5 Nc6 16.Rac1 Kb8 17.Bxf6 gxf6 18.d5 Ne5 19.Nd4 Bc5 20.Ne4 Bb6 
21.Nxf6 exd5 22.Nf5 d4 23.Kf1 h5 24.h3 Nc6 25.a3 a5 26.g3 Bc7 27.Rc5 Be5 
28.Ne4 Rhe8 29.Rd3 Ka7 30.Ng5 Rd7 31.Nf3 Kb6 32.Rc2 Bf6 33.Ne3 Ree7 34.Ng2
Rd5 35.Rb3+ Kc7 36.Nf4 Rf5 37.h4 Rd7 38.Kg2 Rd8 39.Rd3 Kb6 40.Re2 Kc7 41.
Re4 Rb5 42.Rd2 d3 43.Nxd3 Rbd5 44.Nfe1 Bg7 45.Rf4 f5 46.Rc2 Bh6 47.Rfc4 
Rxd3 48.Nxd3 Rxd3 49.Rc5 Kb8 50.Rxf5 Nd4 51.Rxh5 Nxc2 52.Rxh6 Ne1+ 53.Kf1 
Nf3 54.Rf6 Nd2+ 55.Kg2 Kc7 56.h5 Ne4 57.Rf4 Nc5 58.h6 Rd7 59.Rc4 Kb6 60.
Rg4 Rh7 61.Rg6+ Kb5 62.g4 Nd3 63.Kg3 Nxb2 64.g5 Nc4 65.Rg7 Rh8 66.h7 Kc6 
67.f4 Nd6 68.Kg4 b5 69.g6 Ne8 70.Re7 b4 71.Rxe8 Rxe8 72.axb4 Kd5 1-0

[Event "15th Africa-ch"]
[Site "Hammamet TUN"]
[Date "2019.07.13"]
[Round "5.5"]
[White "Rakotomaharo, Fy Antenaina"]
[Black "Solomon, Kenny"]
[Result "1/2-1/2"]
[WhiteElo "2419"]
[BlackElo "2375"]
[EventDate "2019.07.09"]
[PlyCount "126"]

1.e4 c5 2.Nf3 d6 3.Bb5+ Nd7 4.c3 Nf6 5.Bd3 g6 6.Bc2 Bg7 7.d4 O-O 8.O-O b6 
9.Re1 Bb7 10.Bg5 h6 11.Bh4 e5 12.Na3 exd4 13.cxd4 cxd4 14.Nxd4 a6 15.Nb1 
Re8 16.Nc3 b5 17.Qd2 Qb6 18.Rad1 Rac8 19.f3 Ne5 20.Bf2 Nc4 21.Qc1 Qc7 22.
Nce2 d5 23.b3 Ne5 24.f4 Neg4 25.e5 Ne4 26.Bxe4 dxe4 27.Qxc7 Rxc7 28.Ng3 e3
29.Bxe3 Nxe3 30.Rxe3 Rd7 31.Red3 Red8 32.Kf2 Bf8 33.Ke3 Bxg2 34.Ne4 Bxe4 
35.Kxe4 f5+ 36.exf6 Re8+ 37.Kf3 Rd6 38.Ne2 Rxf6 39.Ng3 h5 40.Rd8 Rxd8 41.
Rxd8 Rc6 42.Ne4 Kf7 43.Ng5+ Ke7 44.Ra8 Bh6 45.Ra7+ Ke8 46.h4 Bf8 47.Ra8+ 
Ke7 48.Ke4 b4 49.Nf3 Bh6 50.Ra7+ Ke8 51.Rh7 Bf8 52.Ne5 Rf6 53.Rh8 Rd6 54.
Rg8 Rd2 55.Nxg6 Kf7 56.Rxf8+ Kxg6 57.Rb8 Re2+ 58.Kf3 Rxa2 59.Rxb4 Rb2 60.
Ke4 Re2+ 61.Kd3 Rh2 62.Rb6+ Kf5 63.Rxa6 Rh3+ 1/2-1/2

[Event "15th Africa-ch"]
[Site "Hammamet TUN"]
[Date "2019.07.13"]
[Round "5.6"]
[White "Oussedik, Mahfoud"]
[Black "Balogun, Oluwafemi"]
[Result "1-0"]
[WhiteElo "2440"]
[BlackElo "2279"]
[EventDate "2019.07.09"]
[PlyCount "79"]

1.e4 d6 2.d4 Nf6 3.Nc3 g6 4.Nf3 Bg7 5.Be2 O-O 6.O-O Bg4 7.h3 Bxf3 8.Bxf3 
Nc6 9.Be3 Re8 10.d5 Ne5 11.Be2 c6 12.f4 Ned7 13.Bf3 cxd5 14.exd5 Nb6 15.
Bd4 Rc8 16.b3 Nfd7 17.Bxg7 Kxg7 18.Ne2 Qc7 19.Qd4+ Kg8 20.c4 Qc5 21.Bg4 f5
22.Bf3 a5 23.a4 Na8 24.Kh2 Nc7 25.Qd2 e5 26.dxe6 Rxe6 27.Nd4 Re7 28.Bxb7 
Rf8 29.Rae1 Rfe8 30.Rxe7 Rxe7 31.Nc6 Re3 32.Nxa5 Re6 33.b4 Qe3 34.Qxe3 
Rxe3 35.Rd1 Nb6 36.Rxd6 Nxa4 37.Rd7 Ne8 38.Bd5+ Kh8 39.Bc6 Nf6 40.Rd8+ 1-0

[Event "15th Africa-ch"]
[Site "Hammamet TUN"]
[Date "2019.07.13"]
[Round "5.10"]
[White "Klaasen, Calvin"]
[Black "El-Gindy, Essam"]
[Result "0-1"]
[WhiteElo "2285"]
[BlackElo "2423"]
[EventDate "2019.07.09"]
[PlyCount "142"]

1.d4 Nf6 2.c4 e6 3.Nf3 Bb4+ 4.Nbd2 O-O 5.a3 Be7 6.e4 d6 7.Be2 Nfd7 8.O-O 
e5 9.Nb1 exd4 10.Nxd4 Nc5 11.Nc3 a5 12.b3 Bf6 13.Be3 Re8 14.Qc2 Nc6 15.
Ndb5 b6 16.Rab1 Bb7 17.f3 Bxc3 18.Nxc3 f5 19.b4 axb4 20.axb4 Ne6 21.Rfd1 
fxe4 22.c5 exf3 23.Bxf3 Nxb4 24.Rxb4 Bxf3 25.gxf3 bxc5 26.Rg4 Qf6 27.Ne4 
Qf5 28.Rg3 Kh8 29.Qc3 Re7 30.Kh1 Rf8 31.Rdg1 Rff7 32.Ng5 Nxg5 33.Bxg5 Re6 
34.Bc1 Rg6 35.Bb2 Kg8 36.Ba1 Re7 37.Bb2 Qf7 38.Rxg6 hxg6 39.Rg3 Re2 40.Rg2
Re7 41.Rg3 Qf5 42.Ba3 Kh7 43.Rg1 Qd5 44.Bb2 Rf7 45.Rg3 Qd1+ 46.Kg2 Re7 47.
Rh3+ Kg8 48.Qc4+ d5 49.Rh8+ Kxh8 50.Qh4+ Kg8 51.Qxe7 Qd2+ 52.Kg3 Qxb2 53.
Qd8+ Kh7 54.Qh4+ Kg8 55.Qd8+ Kf7 56.Qd7+ Kf6 57.Qd8+ Ke6 58.Qe8+ Kd6 59.
Qd8+ Kc6 60.Qa8+ Kd6 61.Qd8+ Kc6 62.Qa8+ Qb7 63.Qe8+ Kb6 64.Qxg6+ c6 65.h4
Qe7 66.h5 d4 67.f4 c4 68.Qb1+ Kc5 69.Qf5+ Kb6 70.Qb1+ Kc7 71.Qa2 Qc5 0-1

[Event "15th Africa-ch"]
[Site "Hammamet TUN"]
[Date "2019.07.13"]
[Round "5.13"]
[White "El-Arbi, Abobker"]
[Black "De Gondo, Simplice Armel"]
[Result "1-0"]
[WhiteElo "2312"]
[BlackElo "2115"]
[EventDate "2019.07.09"]
[PlyCount "74"]

1.d4 d5 2.c4 c6 3.Nf3 Nf6 4.Nc3 e6 5.e3 Nbd7 6.cxd5 cxd5 7.Bd3 Bd6 8.O-O 
O-O 9.b3 a6 10.Bb2 b5 11.e4 b4 12.Nxd5 exd5 13.e5 Be7 14.exf6 Nxf6 15.Ne5 
Qb6 16.Rc1 Bb7 17.Bf5 Rfe8 18.Qf3 Bd6 19.Rfd1 Re7 20.Qh3 Rae8 21.Ng4 Re2 
22.Nxf6+ gxf6 23.Qxh7+ Kf8 24.Qh6+ Ke7 25.Re1 Qb5 26.Bg4 Re6 27.Bxe6 fxe6 
28.Qg7+ Kd8 29.Qxf6+ Kd7 30.Rc2 Bb8 31.Rce2 Qc6 32.Bc1 a5 33.Bg5 Ba6 34.
Qf7+ Kc8 35.Rxe6 Rxe6 36.Rxe6 Bxh2+ 37.Kxh2 Qc7+ 1-0

[Event "15th Africa-ch"]
[Site "Hammamet TUN"]
[Date "2019.07.13"]
[Round "5.18"]
[White "Mande, Allan Benjamin"]
[Black "Bouzidi, Ahmed"]
[Result "1/2-1/2"]
[WhiteElo "1887"]
[BlackElo "2191"]
[EventDate "2019.07.09"]
[PlyCount "115"]

1.b3 e5 2.Bb2 Nc6 3.e3 Nf6 4.Bb5 d6 5.d4 exd4 6.Bxd4 Be7 7.Nf3 O-O 8.Bxc6 
bxc6 9.O-O c5 10.Bb2 Bb7 11.c4 Ne4 12.Qc2 Qd7 13.Nc3 Nxc3 14.Bxc3 Qg4 15.
h3 Qg6 16.Qxg6 hxg6 17.Nd2 f5 18.Rfe1 Kf7 19.e4 c6 20.exf5 gxf5 21.Bxg7 
Rg8 22.Bc3 Rg6 23.Nf3 Rag8 24.g3 Bc8 25.Re2 f4 26.g4 Rh6 27.Rae1 Bd8 28.
Re4 Rxh3 29.Rxf4+ Kg6 30.Kg2 Rh7 31.Kg3 Rf7 32.Rxf7 Kxf7 33.Nh2 d5 34.cxd5
cxd5 35.Be5 Ba5 36.Rc1 Bb6 37.Bd6 Rh8 38.f4 c4 39.bxc4 dxc4 40.Rxc4 Be6 
41.Rc2 Rd8 42.Bc7 Rd3+ 43.Nf3 Bd5 44.Bxb6 Rxf3+ 45.Kh4 axb6 46.Kg5 Ra3 47.
Rb2 Ra6 48.a3 Bc4 49.Rc2 b5 50.Rc3 Ke6 51.f5+ Ke5 52.Re3+ Kd4 53.Rg3 Ke4 
54.f6 Ra8 55.Rg1 Rg8+ 56.Kh6 Ke5 57.g5 Kf5 58.Rg2 1/2-1/2

[Event "15th Africa-ch"]
[Site "Hammamet TUN"]
[Date "2019.07.13"]
[Round "5.20"]
[White "Abdulraheem, Abdulrahman Akintoye"]
[Black "Kasim, Islamov"]
[Result "1-0"]
[WhiteElo "2277"]
[BlackElo "1925"]
[EventDate "2019.07.09"]
[PlyCount "56"]

1.e4 d5 2.exd5 Qxd5 3.Nc3 Qa5 4.d4 c6 5.Bc4 Nf6 6.Bd2 Qc7 7.Nf3 Bf5 8.Ne5 
e6 9.Qe2 Bd6 10.Bg5 Nbd7 11.Nxd7 Qxd7 12.d5 O-O 13.dxe6 Bxe6 14.O-O-O Bxc4
15.Qxc4 Qf5 16.Bxf6 Qxf6 17.Ne4 Qh6+ 18.Kb1 Rfd8 19.Rd3 Bc7 20.Rf3 Rd5 21.
Nc3 Rd7 22.Re1 Rad8 23.Qg4 Qd2 24.Rfe3 g6 25.a3 Qd4 26.Qh3 Qf4 27.g3 Qc4 
28.Qh6 Rf8 1-0

[Event "15th Africa-ch"]
[Site "Hammamet TUN"]
[Date "2019.07.14"]
[Round "6.1"]
[White "Fawzy, Adham"]
[Black "Amin, Bassem"]
[Result "0-1"]
[WhiteElo "2476"]
[BlackElo "2707"]
[EventDate "2019.07.09"]
[PlyCount "56"]

1.e4 e5 2.Nf3 Nc6 3.d4 exd4 4.Bc4 Bc5 5.O-O d6 6.c3 Bg4 7.Qb3 Bxf3 8.Bxf7+
Kf8 9.gxf3 d3 10.Be3 Ne5 11.Be6 Nxf3+ 12.Kg2 Qf6 13.Nd2 Nxd2 14.Bxd2 Re8 
15.Bh3 Bb6 16.f3 Ne7 17.Qc4 g5 18.Bd7 Rd8 19.f4 g4 20.e5 Qh6 21.Bxg4 Rg8 
22.h3 Nf5 23.Qxd3 Qh5 24.Qe2 Nh6 25.Kg3 Rd7 26.f5 Nxg4 27.hxg4 dxe5 28.Qc4
Rdg7 0-1

[Event "15th Africa-ch"]
[Site "Hammamet TUN"]
[Date "2019.07.14"]
[Round "6.6"]
[White "El-Gindy, Essam"]
[Black "El-Arbi, Abobker"]
[Result "1-0"]
[WhiteElo "2423"]
[BlackElo "2312"]
[EventDate "2019.07.09"]
[PlyCount "84"]

1.d4 d5 2.c4 e6 3.Nc3 Nf6 4.cxd5 exd5 5.Bg5 c6 6.Qc2 Be7 7.e3 O-O 8.Bd3 
Nbd7 9.Nge2 Re8 10.O-O Nf8 11.f3 c5 12.Rad1 c4 13.Bf5 Bxf5 14.Qxf5 g6 15.
Qc2 Ne6 16.Bh4 Nc7 17.a4 a6 18.a5 Nb5 19.Ra1 Nh5 20.Bxe7 Rxe7 21.Qd2 f5 
22.Rfe1 Qd6 23.Nf4 Nf6 24.h4 Rae8 25.Kf2 Kf7 26.Na4 Nd7 27.Rad1 Nc7 28.b4 
cxb3 29.Qc3 Ne6 30.Nxe6 Rxe6 31.Qxb3 R8e7 32.Rc1 Kg7 33.g3 Rf7 34.Nc5 Nxc5
35.Rxc5 Rd7 36.Rb1 Re8 37.Qc3 Qe7 38.Qd2 Qf7 39.Rb3 Ree7 40.Rbc3 Qe6 41.
Kg2 Qf6 42.Rc8 Qf7 1-0

[Event "15th Africa-ch"]
[Site "Hammamet TUN"]
[Date "2019.07.14"]
[Round "6.7"]
[White "Hbacha, Achraf"]
[Black "Kayonde, Andrew"]
[Result "1/2-1/2"]
[WhiteElo "2249"]
[BlackElo "2382"]
[EventDate "2019.07.09"]
[PlyCount "87"]

1.e4 c6 2.d4 d5 3.Nc3 dxe4 4.Nxe4 Bf5 5.Ng3 Bg6 6.h4 h6 7.h5 Bh7 8.Nf3 Nd7
9.Bd3 Bxd3 10.Qxd3 e6 11.Bd2 Ngf6 12.c4 Be7 13.Bc3 O-O 14.Ne4 c5 15.Nxf6+ 
Nxf6 16.Rd1 cxd4 17.Nxd4 Qc7 18.Qe2 Rac8 19.b3 a6 20.Nc2 b5 21.Bxf6 Bxf6 
22.Ne3 Qa5+ 23.Kf1 Rfd8 24.g3 Rxd1+ 25.Qxd1 Qxa2 26.cxb5 Rd8 27.Qf3 axb5 
28.Ng4 Bd4 29.Kg2 f5 30.Ne3 Qxb3 31.Rd1 Bf6 32.Qc6 Rf8 33.Rd6 Bg5 34.Rxe6 
Bxe3 35.Rxe3 Qc4 36.Qd7 f4 37.Re7 f3+ 38.Kh2 Qc3 39.Qe6+ Kh8 40.Re8 Qc5 
41.Qf7 Rxe8 42.Qxe8+ Kh7 43.Qg6+ Kg8 44.Qe8+ 1/2-1/2

[Event "15th Africa-ch"]
[Site "Hammamet TUN"]
[Date "2019.07.14"]
[Round "6.8"]
[White "Solomon, Kenny"]
[Black "Chumfwa, Stanley"]
[Result "1/2-1/2"]
[WhiteElo "2375"]
[BlackElo "2297"]
[EventDate "2019.07.09"]
[PlyCount "57"]

1.d4 Nf6 2.c4 g6 3.Nc3 Bg7 4.e4 d6 5.Be2 O-O 6.Be3 e5 7.d5 Nbd7 8.h4 Nc5 
9.Qc2 c6 10.h5 cxd5 11.cxd5 Bd7 12.h6 Bh8 13.b4 Na6 14.Qb3 Ng4 15.Bxg4 
Bxg4 16.Nb5 Qb8 17.Ne2 Bf6 18.Rc1 Be7 19.a4 Bd7 20.O-O Qe8 21.Nec3 f5 22.
f4 exf4 23.Bxf4 g5 24.Bxd6 Bxd6 25.Nxd6 Qe5 26.Ncb5 fxe4 27.Qc4 e3 28.Qe4 
Rxf1+ 29.Rxf1 1/2-1/2

[Event "15th Africa-ch"]
[Site "Hammamet TUN"]
[Date "2019.07.14"]
[Round "6.9"]
[White "Anwuli, Daniel"]
[Black "Amdouni, Zoubaier"]
[Result "1/2-1/2"]
[WhiteElo "2295"]
[BlackElo "2248"]
[EventDate "2019.07.09"]
[PlyCount "105"]

1.c4 Nf6 2.g3 e6 3.Bg2 d5 4.Nf3 dxc4 5.Na3 Bxa3 6.Qa4+ b5 7.Qxa3 Bb7 8.b3 
cxb3 9.Qxb3 Qd5 10.Qb1 Qc5 11.O-O O-O 12.d3 Nbd7 13.a4 b4 14.a5 Qd6 15.Bf4
e5 16.Nxe5 Bxg2 17.Nxd7 Qxd7 18.Kxg2 Nd5 19.Bd2 c5 20.Rc1 Rac8 21.Rc4 Rc6 
22.Qc2 Rfc8 23.Rc1 Qc7 24.e4 Ne7 25.Qa4 Qd6 26.d4 cxd4 27.Bxb4 Qe6 28.Rxc6
Nxc6 29.f3 Nxb4 30.Rxc8+ Qxc8 31.Qxb4 d3 32.Kf2 Qc2+ 33.Ke3 Qe2+ 34.Kd4 h6
35.Qc4 Qxf3 36.Qxd3 Qf2+ 37.Kc4 Qxh2 38.Kb5 Qf2 39.Ka6 h5 40.Kb7 Kh7 41.
Qd5 Kh6 42.Qd6+ Kg5 43.Qd5+ Kh6 44.Qd6+ Kg5 45.Qe5+ Kh6 46.Qb8 g5 47.Qxa7 
Qxa7+ 48.Kxa7 h4 49.gxh4 gxh4 50.Kb6 h3 51.a6 h2 52.a7 h1=Q 53.a8=Q 
1/2-1/2

[Event "15th Africa-ch"]
[Site "Hammamet TUN"]
[Date "2019.07.14"]
[Round "6.11"]
[White "Winston-Onyiah, Sasha"]
[Black "Zaibi, Amir"]
[Result "0-1"]
[WhiteElo "1968"]
[BlackElo "2378"]
[EventDate "2019.07.09"]
[PlyCount "72"]

1.e4 c5 2.Nf3 e6 3.d4 cxd4 4.Nxd4 Nc6 5.Nc3 Qc7 6.Be2 a6 7.O-O Nf6 8.a3 
Nxd4 9.Qxd4 Bc5 10.Qd3 b5 11.b4 Be7 12.f4 Bb7 13.Bf3 Rc8 14.Bb2 Qxf4 15.e5
Ng4 16.g3 Qxf3 17.Rxf3 Nxe5 18.Qe2 Nxf3+ 19.Kf2 f5 20.Qe3 O-O 21.Rd1 Nxh2 
22.Qa7 Bc6 23.Ne2 e5 24.Ke1 Nf3+ 25.Kf1 Bg5 26.Bc1 Bf6 27.Be3 Nh2+ 28.Ke1 
Ng4 29.Bc5 Rfe8 30.Bd6 f4 31.Kd2 Ne3 32.gxf4 Nxd1 33.Kxd1 exf4 34.Nxf4 
Bf3+ 35.Kc1 Re1+ 36.Kd2 Bc3+ 0-1

[Event "15th Africa-ch"]
[Site "Hammamet TUN"]
[Date "2019.07.14"]
[Round "6.13"]
[White "Balogun, Oluwafemi"]
[Black "Silva, David"]
[Result "1/2-1/2"]
[WhiteElo "2279"]
[BlackElo "2246"]
[EventDate "2019.07.09"]
[PlyCount "49"]

1.e4 Nf6 2.e5 Nd5 3.Nf3 d6 4.d4 g6 5.c4 Nb6 6.Nc3 Bg7 7.h3 O-O 8.Be2 Nc6 
9.exd6 cxd6 10.O-O Bf5 11.Bg5 h6 12.Bh4 g5 13.Bg3 Kh7 14.c5 dxc5 15.dxc5 
Nd7 16.Qd5 Nf6 17.Qb3 Qc8 18.Rac1 Nh5 19.Bh2 Nf4 20.Bxf4 gxf4 21.Rfd1 Kh8 
22.Qc4 e5 23.Rd6 f6 24.Nh4 Rf7 25.Qxf7 1/2-1/2

[Event "15th Africa-ch"]
[Site "Hammamet TUN"]
[Date "2019.07.14"]
[Round "6.17"]
[White "Kamara, Ansumana"]
[Black "Abdulraheem, Abdulrahman Akintoye"]
[Result "0-1"]
[WhiteElo "1895"]
[BlackElo "2277"]
[EventDate "2019.07.09"]
[PlyCount "84"]

1.e4 c5 2.Nf3 g6 3.d4 cxd4 4.Nxd4 Bg7 5.Nc3 Nc6 6.Be3 Nf6 7.f3 O-O 8.Qd2 
d5 9.exd5 Nxd5 10.Nxc6 bxc6 11.Nxd5 cxd5 12.c3 Qa5 13.Bd3 Rb8 14.O-O d4 
15.c4 Qxd2 16.Bxd2 Rxb2 17.Rfd1 Bd7 18.a4 Bc6 19.Bc1 Rb3 20.Ba3 Re8 21.Bc5
a5 22.Ra2 e5 23.Bd6 Bf8 24.Bc7 Bb4 25.Bb6 Rc3 26.c5 Bd5 27.Rc2 Bb3 28.Rxc3
dxc3 29.Re1 Rc8 30.Ba6 Bxc5+ 31.Kf1 Rc6 32.Bxc5 Rxc5 33.Ke2 c2 34.Rc1 Bxa4
35.Bd3 Bb3 36.Kd2 a4 37.g3 Kg7 38.f4 exf4 39.gxf4 Rh5 40.Kc3 Rxh2 41.f5 g5
42.Kb2 Rd2 0-1

[Event "15th Africa-ch"]
[Site "Hammamet TUN"]
[Date "2019.07.14"]
[Round "6.21"]
[White "Simutowe, Musatwe"]
[Black "Bongo Akanga Ndjila, Barthelemy"]
[Result "1-0"]
[WhiteElo "2170"]
[BlackElo "1804"]
[EventDate "2019.07.09"]
[PlyCount "63"]

1.e4 g6 2.d4 c5 3.dxc5 Qa5+ 4.c3 Qxc5 5.Be3 Qc7 6.Nd2 Bg7 7.f4 d6 8.Ngf3 
Nf6 9.Bd3 Nc6 10.h3 d5 11.e5 Ng8 12.O-O Nh6 13.Qe1 Bf5 14.Be2 Bd7 15.Nb3 
Nf5 16.Bd2 h5 17.Rd1 e6 18.Bd3 Nce7 19.Nbd4 Nxd4 20.Nxd4 O-O 21.Be3 Nf5 
22.g4 hxg4 23.hxg4 Nxe3 24.Qxe3 Rae8 25.Rd2 f5 26.exf6 Bxf6 27.Bxg6 Re7 
28.g5 Bxd4 29.cxd4 Rg7 30.Bd3 Be8 31.Rh2 Rff7 32.Rc1 1-0

[Event "15th Africa-ch"]
[Site "Hammamet TUN"]
[Date "2019.07.15"]
[Round "7.1"]
[White "Rakotomaharo, Fy Antenaina"]
[Black "Bellahcene, Bilel"]
[Result "1-0"]
[WhiteElo "2419"]
[BlackElo "2541"]
[EventDate "2019.07.09"]
[PlyCount "79"]

1.d4 Nf6 2.c4 e6 3.Nf3 d5 4.Nc3 Bb4 5.Qa4+ Nc6 6.e3 O-O 7.Bd2 dxc4 8.Bxc4 
Bd6 9.h3 a6 10.a3 e5 11.d5 Ne7 12.Qc2 b5 13.Ba2 Bf5 14.e4 Bd7 15.Ne2 c6 
16.dxc6 Rc8 17.Bc3 Nxc6 18.Qd3 Qe7 19.Rd1 Bc5 20.b4 Bb6 21.O-O Be6 22.Bxe6
Qxe6 23.Ng3 Rfd8 24.Qe2 Nd4 25.Bxd4 Bxd4 26.Nf5 Rc4 27.Rfe1 h6 28.Rd3 Bb6 
29.Nd2 Rxd3 30.Qxd3 Nxe4 31.Nxc4 Nxf2 32.Qd6 bxc4 33.Ne7+ Kh7 34.Qxe6 fxe6
35.Kf1 Nd3 36.Re4 Bd4 37.Ke2 Nf4+ 38.Kd1 Nd5 39.Nxd5 exd5 40.Rxd4 1-0

[Event "15th Africa-ch"]
[Site "Hammamet TUN"]
[Date "2019.07.15"]
[Round "7.2"]
[White "Amin, Bassem"]
[Black "El-Gindy, Essam"]
[Result "1/2-1/2"]
[WhiteElo "2707"]
[BlackElo "2423"]
[EventDate "2019.07.09"]
[PlyCount "36"]

1.e4 c5 2.Nf3 Nc6 3.Bb5 g6 4.Bxc6 dxc6 5.d3 Bg7 6.h3 Nf6 7.Nc3 O-O 8.Be3 
b6 9.Qd2 e5 10.a4 a5 11.Bh6 Qc7 12.O-O Nh5 13.Ne2 Bxh6 14.Qxh6 f6 15.Nd2 
Nf4 16.Nxf4 exf4 17.Rfe1 Be6 18.b3 Rae8 1/2-1/2